Statistics for F1 quiz multiple choice

Click here to take the quiz!

General Stats

  • This quiz has been taken 14 times
  • The average score is 8 of 15

Answer Stats

QuestionAnswer% Correct
Which f1 driver is known as the ice man?Kimi Raikonnen
100%
Which f1 driver sadly crashed out of the Imola Grand Prix and died?Ayrton Senna
93%
Which f1 driver has the most wins in history?Lewis Hamilton
93%
Which is the most successful F1 team in history?Ferrari
86%
Which driver is Red Bull's reserve driver for 2023?Daniel Riccardo
79%
Which of the following got a record breaking 15 wins in a season?Max Verstappen
64%
What team was deducted 14 points in the 2020 season (7.5 per driver)?Racing Point
64%
Lewis Hamilton set a new record in the 2020 season but what was it?all of the above
50%
3. Which 1950s driver gave his car to his teammate, and with it spoiled his chances to win the title?Peter Collins
43%
In what year was Lewis Hamilton Knighted?2021
36%
Which 3 teams were fined for cost cap breach in 2022?Red Bull, Williams and Aston Martin
36%
What metal is the halo made from?Titanium
29%
Who was the first world person to win multiple world championships?Juan Manuel Fangio
21%
What f1 world champion was number 32?Michael Schumacher
21%
How many British f1 drivers have there been before 2023?164
14%

Score Distribution

Percentile by Number Answered

Percent of People with Each Score

Your Score History

You have not taken this quiz